Dịch học nguyên lưu

Wedi'i Gadw mewn:
Manylion Llyfryddiaeth
Prif Awdur: Đặng Vạn Canh
Fformat: Llyfr
Iaith:Undetermined
Cyhoeddwyd: H. VHTT 2002
Pynciau:
Tagiau: Ychwanegu Tag
Dim Tagiau, Byddwch y cyntaf i dagio'r cofnod hwn!
Thư viện lưu trữ: Trung tâm Học liệu Trường Đại học Cần Thơ
LEADER 00465nam a2200181Ia 4500
001 CTU_54272
008 210402s9999 xx 000 0 und d
020 |b 39000 
082 |a 181.11 
082 |b C107 
100 |a Đặng Vạn Canh 
245 0 |a Dịch học nguyên lưu 
245 0 |c Đặng Vạn Canh 
260 |a H. 
260 |b VHTT 
260 |c 2002 
650 |a philosophy, chinese 
980 |a Trung tâm Học liệu Trường Đại học Cần Thơ